<?xml version="1.0" encoding="UTF-8"?>
<resp>
  <nextPage>https://data.bn.org.pl/api/networks/bibs.marcxml?marc=001+b00001150003876&amp;sinceId=1150003877</nextPage>
  <collection>
    <record xmlns='http://www.loc.gov/MARC21/slim'><leader>01405nam a2200409 i 4500</leader><controlfield tag='001'>b00001150003876</controlfield><controlfield tag='005'>20260404091732.9</controlfield><controlfield tag='008'>230609s        pl           |000 0 pol c</controlfield><controlfield tag='009'>9913261238405606</controlfield><datafield ind1=' ' ind2=' ' tag='020'><subfield code='a'>8324101039</subfield></datafield><datafield ind1=' ' ind2=' ' tag='035'><subfield code='a'>KR_1KR_1_20120317231632065840-48omnis_kr</subfield></datafield><datafield ind1=' ' ind2=' ' tag='035'><subfield code='a'>KR_1_20120317231632065840</subfield><subfield code='9'>ExL</subfield></datafield><datafield ind1=' ' ind2=' ' tag='035'><subfield code='a'>(PL)b00001150003876</subfield></datafield><datafield ind1=' ' ind2=' ' tag='040'><subfield code='a'>KR_1</subfield><subfield code='c'>KR_1</subfield></datafield><datafield ind1='1' ind2=' ' tag='041'><subfield code='a'>pol</subfield><subfield code='h'>eng</subfield></datafield><datafield ind1='1' ind2=' ' tag='100'><subfield code='a'>Coville, Bruce</subfield></datafield><datafield ind1='1' ind2='0' tag='245'><subfield code='a'>Zgubiłem mózg mojego dziadka /</subfield><subfield code='c'>Bruce Coville ; przekł. Cezary Frąc ; [il. Tony Sansevero].</subfield></datafield><datafield ind1=' ' ind2=' ' tag='260'><subfield code='a'>W-wa :</subfield><subfield code='b'>&quot;Amber&quot;,</subfield><subfield code='c'>2002.</subfield></datafield><datafield ind1=' ' ind2=' ' tag='300'><subfield code='a'>118 s. :</subfield><subfield code='b'>il. ;</subfield><subfield code='c'>19 cm.</subfield></datafield><datafield ind1='1' ind2=' ' tag='490'><subfield code='a'>Byłem Kosmitą z Szóstej Klasy</subfield></datafield><datafield ind1='1' ind2=' ' tag='490'><subfield code='a'>Książki Super</subfield></datafield><datafield ind1=' ' ind2=' ' tag='500'><subfield code='a'>d</subfield></datafield><datafield ind1='1' ind2=' ' tag='700'><subfield code='a'>Sansevero, Tony.</subfield><subfield code='e'>Il.</subfield></datafield><datafield ind1='1' ind2=' ' tag='700'><subfield code='a'>Frąc, Cezary.</subfield><subfield code='e'>Tł.</subfield></datafield><datafield ind1=' ' ind2=' ' tag='852'><subfield code='b'>48OMNIS_NETWORK</subfield><subfield code='8'>9913261238405606</subfield></datafield><datafield ind1=' ' ind2=' ' tag='852'><subfield code='b'>48OMNIS_KR</subfield><subfield code='8'>991000038749708216</subfield></datafield><datafield ind1=' ' ind2=' ' tag='852'><subfield code='b'>48OMNIS_TL</subfield><subfield code='8'>991000095629608218</subfield></datafield><datafield ind1=' ' ind2=' ' tag='852'><subfield code='8'>225416280008216</subfield><subfield code='j'>1</subfield><subfield code='b'>KR_6_3</subfield><subfield code='p'>257000172958</subfield><subfield code='c'>POLI_KS</subfield></datafield><datafield ind1=' ' ind2=' ' tag='852'><subfield code='8'>225416260008216</subfield><subfield code='j'>1</subfield><subfield code='b'>KR_6_1</subfield><subfield code='p'>255000116156</subfield><subfield code='c'>SZAS_KS</subfield></datafield><datafield ind1=' ' ind2=' ' tag='852'><subfield code='8'>225416300008216</subfield><subfield code='j'>1</subfield><subfield code='b'>KR_6_2</subfield><subfield code='p'>256000107922</subfield><subfield code='c'>BLIN_KS</subfield></datafield><datafield ind1=' ' ind2=' ' tag='852'><subfield code='8'>2212459500008216</subfield><subfield code='j'>1</subfield><subfield code='b'>KR_7_1</subfield><subfield code='p'>KR_7_0004632</subfield><subfield code='c'>KR_7_1_1</subfield></datafield><datafield ind1=' ' ind2=' ' tag='852'><subfield code='8'>226220130008218</subfield><subfield code='j'>1</subfield><subfield code='b'>TL_4_1</subfield><subfield code='p'>003236OD</subfield><subfield code='c'>TL_4_1_6</subfield></datafield><datafield ind1=' ' ind2=' ' tag='920'><subfield code='a'>83-241-0103-9</subfield></datafield></record>
  </collection>
</resp>
